| 000 | 00603 a2200241 4500 | ||
|---|---|---|---|
| 260 | _aCotonou | ||
| 100 | _aAHOTONDJI, Hortence | ||
| 700 | _aAHOUANDJINOU, Iris | ||
| 260 | _bENEAM | ||
| 300 | _b38 p | ||
| 245 | _aAnalyse du dispositif de mobilisation et de sécurisation de l'Epargne à la caisse nationale dépargne CNE | ||
| 650 | _aCOMPTABILITE GESTION | ||
| 650 | _aEPARGNE | ||
| 650 | _aDISPOSITIF DE MOBILISATION | ||
| 650 | _aDISPOSITIF DE SECURISATION | ||
| 650 | _aCNE | ||
| 260 | _c2007 | ||
| 130 | _lFr | ||
| 500 | _a1 ex | ||
| 040 | _aENEAM | ||
| 999 |
_c9730 _d9730 |
||